Statistics for Bordering Countries by Flag #7

Click here to take the quiz!

General Stats

  • This quiz has been taken 103 times
  • The average score is 8 of 8

Answer Stats

Country% Correct
Botswana
99%
Zimbabwe
99%
Angola
98%
Namibia
98%
DR Congo
96%
Malawi
96%
Mozambique
96%
Tanzania
94%

Score Distribution

Percentile by Number Answered

Percent of People with Each Score

Your Score History

You have not taken this quiz